[Event "Donetsk Masters 1st"]
[Site "Donetsk"]
[Date "2011.03.03"]
[Round "9"]
[White "Iljin, Timofey"]
[Black "Berezin, Oleg"]
[Result "1/2-1/2"]
[WhiteElo "2473"]
[BlackElo "2438"]
[PlyCount "25"]
[EventDate "2011.02.25"]
[EventType "tourn (rapid)"]
[EventRounds "13"]
[EventCountry "UKR"]
[EventCategory "1"]
[SourceTitle "CBM 141 Extra"]
[Source "ChessBase"]
[SourceDate "2011.05.03"]
[SourceVersion "1"]
[SourceVersionDate "2011.05.03"]
[SourceQuality "1"]

1. d4 f5 2. c4 Nf6 3. Nc3 e6 4. Nf3 Be7 5. g3 0-0 6. Bg2 Ne4 7. Qc2 Nxc3 8. Qxc3 Nc6 9. 0-0 d6 10. Rd1 Qe8 11. d5 Nd8 12. e4 e5 13. Be3 1/2-1/2

[Event "Donetsk Masters 1st"]
[Site "Donetsk"]
[Date "2011.02.27"]
[Round "5"]
[White "Berezin, Oleg"]
[Black "Gavrish, Leonid"]
[Result "1-0"]
[WhiteElo "2438"]
[BlackElo "2094"]
[PlyCount "75"]
[EventDate "2011.02.25"]
[EventType "tourn (rapid)"]
[EventRounds "13"]
[EventCountry "UKR"]
[EventCategory "1"]
[SourceTitle "CBM 141 Extra"]
[Source "ChessBase"]
[SourceDate "2011.05.03"]
[SourceVersion "1"]
[SourceVersionDate "2011.05.03"]
[SourceQuality "1"]

1. Nf3 Nf6 2. c4 c5 3. Nc3 g6 4. d4 cxd4 5. Nxd4 Nc6 6. e4 d6 7. Be2 Nxd4 8. Qxd4 Bg7 9. 0-0 0-0 10. Bd2 Be6 11. Qe3 a6 12. Rac1 Ng4 13. Bxg4 Bxg4 14. a4 Bd7 15. b4 e6 16. a5 Rc8 17. Qd3 Qc7 18. Ne2 b6 19. axb6 Qxb6 20. Bc3 Bxc3 21. Qxc3 e5 22. Rfd1 Be6 23. c5 Qb5 24. Ng3 dxc5 25. bxc5 f6 26. Rd6 Rc6 27. Rxc6 Qxc6 28. h4 Rd8 29. h5 Rd4 30. Qa5 Kf7 31. Rb1 Ra4 32. Qd8 Qc8 33. Qb6 gxh5 34. Qa7+ Kg6 35. Rb8 Qd7 36. Rb7 Qd1+ 37. Kh2 Kg5 38. Rg7+ 1-0

[Event "Donetsk Masters 1st"]
[Site "Donetsk"]
[Date "2011.02.26"]
[Round "3"]
[White "Berezin, Oleg"]
[Black "Volovikov, Anton"]
[Result "1/2-1/2"]
[WhiteElo "2438"]
[BlackElo "2324"]
[PlyCount "74"]
[EventDate "2011.02.25"]
[EventType "tourn (rapid)"]
[EventRounds "13"]
[EventCountry "UKR"]
[EventCategory "1"]
[SourceTitle "CBM 141 Extra"]
[Source "ChessBase"]
[SourceDate "2011.05.03"]
[SourceVersion "1"]
[SourceVersionDate "2011.05.03"]
[SourceQuality "1"]

1. d4 d5 2. c4 Bf5 3. cxd5 Bxb1 4. Qa4+ c6 5. Rxb1 Qxd5 6. Nf3 Nf6 7. e3 e6 8. b4 Bd6 9. Qc2 Nbd7 10. Be2 0-0 11. 0-0 Rac8 12. h3 Bb8 13. Rd1 Kh8 14. Bb2 Qd6 15. e4 Qe7 16. a3 Nh5 17. g3 f5 18. Ne5 Nxe5 19. dxe5 Qg5 20. h4 Qh6 21. Bxh5 Qxh5 22. exf5 Rxf5 23. f4 Qg4 24. Qg2 Rf7 25. Rd3 Bc7 26. Rbd1 Bb6+ 27. Kh2 Rcf8 28. Qf3 Qf5 29. Qe2 h6 30. h5 g5 31. hxg6 Qxg6 32. Bd4 Bxd4 33. Rxd4 Rg8 34. Qd3 Qh5+ 35. Kg2 Rfg7 36. Rd8 Rxg3+ 37. Qxg3 Qe2+ 1/2-1/2

[Event "Donetsk Masters 1st"]
[Site "Donetsk"]
[Date "2011.02.25"]
[Round "1"]
[White "Berezin, Oleg"]
[Black "Budnikov, Oleg"]
[Result "1/2-1/2"]
[WhiteElo "2438"]
[BlackElo "2442"]
[PlyCount "21"]
[EventDate "2011.02.25"]
[EventType "tourn (rapid)"]
[EventRounds "13"]
[EventCountry "UKR"]
[EventCategory "1"]
[SourceTitle "CBM 141 Extra"]
[Source "ChessBase"]
[SourceDate "2011.05.03"]
[SourceVersion "1"]
[SourceVersionDate "2011.05.03"]
[SourceQuality "1"]

1. d4 g6 2. c4 Bg7 3. e4 d6 4. Nc3 Nc6 5. d5 Nd4 6. Nge2 c5 7. Be3 Qb6 8. Na4 Qa5+ 9. Nac3 Qb6 10. Na4 Qa5+ 11. Nac3 1/2-1/2

[Event "Donetsk Region-ch"]
[Site "Donetsk"]
[Date "2003.01.16"]
[Round "9"]
[White "Savchenko, Yuri"]
[Black "Berezin, Oleg"]
[Result "1/2-1/2"]
[WhiteElo "2416"]
[BlackElo "2446"]
[PlyCount "72"]
[EventDate "2003.01.08"]
[EventType "tourn"]
[EventRounds "9"]
[EventCountry "UKR"]
[EventCategory "7"]
[SourceTitle "CBM 092 Extra"]
[Source "ChessBase"]
[SourceDate "2003.03.07"]
[SourceVersion "1"]
[SourceVersionDate "2003.03.07"]
[SourceQuality "1"]

1. e4 c5 2. Nf3 a6 3. c3 d6 4. Bc4 Nf6 5. d3 e6 6. 0-0 Be7 7. Re1 0-0 8. Nbd2 Nc6 9. Bb3 b5 10. Nf1 Bb7 11. Ng3 Ne5 12. d4 cxd4 13. cxd4 Nc4 14. Bc2 Re8 15. b3 Na5 16. Qd3 g6 17. Bb2 Rc8 18. Rad1 d5 19. e5 Ne4 20. Nd2 Bb4 21. Ndxe4 dxe4 22. Nxe4 Bxe1 23. Nf6+ Kg7 24. Rxe1 Rh8 25. Bd1 Nc6 26. Qe3 Ne7 27. Qg5 Nd5 28. Bf3 h6 29. Qh4 b4 30. Bc1 Bc6 31. Bxd5 Bxd5 32. h3 a5 33. Bd2 Qb6 34. Be3 Qd8 35. Bd2 Qb6 36. Be3 Qd8 1/2-1/2

[Event "Donetsk Region-ch"]
[Site "Donetsk"]
[Date "2003.01.13"]
[Round "6"]
[White "Berezin, Oleg"]
[Black "Shilin, Denis"]
[Result "0-1"]
[WhiteElo "2446"]
[BlackElo "2400"]
[PlyCount "68"]
[EventDate "2003.01.08"]
[EventType "tourn"]
[EventRounds "9"]
[EventCountry "UKR"]
[EventCategory "7"]
[SourceTitle "CBM 092 Extra"]
[Source "ChessBase"]
[SourceDate "2003.03.07"]
[SourceVersion "1"]
[SourceVersionDate "2003.03.07"]
[SourceQuality "1"]

1. d4 Nf6 2. c4 g6 3. Nc3 Bg7 4. e4 0-0 5. Be2 c6 6. e5 Ne8 7. Nf3 d6 8. Bf4 Bg4 9. 0-0 Bxf3 10. Bxf3 Nd7 11. Qe2 e6 12. Rad1 d5 13. b3 a6 14. Rd2 Kh8 15. Qe3 f6 16. exf6 Qxf6 17. Ne2 Qf5 18. h3 dxc4 19. Bg4 Qa5 20. Bxe6 c3 21. Rc2 Rd8 22. Nxc3 Nef6 23. Bxd7 Nxd7 24. Bh6 Bxh6 25. Qxh6 Rde8 26. Rd1 Qf5 27. Rcd2 Nf6 28. Qh4 b5 29. d5 c5 30. Ne2 g5 31. Qh6 Ng8 32. Qh5 Qxf2+ 33. Kh1 Nf6 34. Qf3 Ne4 0-1

[Event "Donetsk Region-ch"]
[Site "Donetsk"]
[Date "2003.01.12"]
[Round "5"]
[White "Lagno, Kateryna"]
[Black "Berezin, Oleg"]
[Result "1-0"]
[WhiteElo "2376"]
[BlackElo "2446"]
[PlyCount "61"]
[EventDate "2003.01.08"]
[EventType "tourn"]
[EventRounds "9"]
[EventCountry "UKR"]
[EventCategory "7"]
[SourceTitle "CBM 092 Extra"]
[Source "ChessBase"]
[SourceDate "2003.03.07"]
[SourceVersion "1"]
[SourceVersionDate "2003.03.07"]
[SourceQuality "1"]

1. e4 c6 2. d4 d5 3. e5 Bf5 4. Nc3 e6 5. g4 Bg6 6. Nge2 c5 7. Be3 Nc6 8. dxc5 f6 9. Nd4 Qd7 10. Nxc6 bxc6 11. f4 fxe5 12. fxe5 h5 13. gxh5 Rxh5 14. Qd2 Rxe5 15. 0-0-0 Nf6 16. Bd4 Rh5 17. Be2 Rh6 18. h4 Bf5 19. Qe3 Kf7 20. Rdf1 Re8 21. Qf4 Qb7 22. Rhg1 Qb4 23. a3 Qa5 24. Kd1 Qd8 25. Kc1 Qb8 26. Be5 Qd8 27. Qd4 Nd7 28. Bxg7 Rxh4 29. Bh5+ Rxh5 30. Bxf8 Kxf8 31. Qg7# 1-0

[Event "Kiev Independence Cup-A 2nd"]
[Site "Kiev"]
[Date "2002.08.14"]
[Round "2"]
[White "Berezin, Oleg"]
[Black "Zhizmer, Yuri"]
[Result "1-0"]
[WhiteElo "2440"]
[BlackElo "2251"]
[PlyCount "85"]
[EventDate "2002.08.??"]
[EventType "swiss"]
[EventRounds "11"]
[EventCountry "UKR"]
[SourceTitle "EXT 2003"]
[Source "ChessBase"]
[SourceDate "2002.11.25"]
[SourceVersion "1"]
[SourceVersionDate "2002.11.25"]
[SourceQuality "1"]

1. d4 e6 2. c4 b6 3. a3 Bb7 4. Nc3 Nf6 5. Bg5 Be7 6. e3 Ne4 7. Bxe7 Qxe7 8. Nxe4 Bxe4 9. Nf3 d6 10. Be2 Nd7 11. 0-0 0-0 12. Nd2 Bb7 13. b4 c5 14. Bf3 Nf6 15. Rb1 Bxf3 16. Qxf3 d5 17. dxc5 bxc5 18. Rfc1 cxb4 19. axb4 dxc4 20. Nxc4 Nd5 21. b5 Rac8 22. e4 Nb6 23. Nxb6 Rxc1+ 24. Rxc1 Qg5 25. Qe3 Qxe3 26. fxe3 axb6 27. Kf2 f5 28. Rc6 fxe4+ 29. Kg3 Kf7 30. Rxb6 Ra8 31. Rb7+ Kf6 32. b6 Ra2 33. Rb8 Rb2 34. Kf4 Rb4 35. h4 e5+ 36. Kg4 g6 37. h5 Rb2 38. b7 Kg7 39. g3 Rb1 40. Kg5 h6+ 41. Kg4 gxh5+ 42. Kxh5 Rb5 43. Kg4 1-0

[Event "UKR-chT 10th"]
[Site "Alushta"]
[Date "2002.04.18"]
[Round "9"]
[White "Berezin, Oleg"]
[Black "Semenenko, Alexander"]
[Result "1-0"]
[WhiteElo "2426"]
[BlackElo "2293"]
[PlyCount "99"]
[EventDate "2002.04.09"]
[EventType "team-swiss"]
[EventRounds "9"]
[EventCountry "UKR"]
[SourceTitle "EXT 2019"]
[Source "ChessBase"]
[SourceDate "2018.10.10"]
[SourceVersion "1"]
[SourceVersionDate "2018.10.10"]
[SourceQuality "1"]
[WhiteTeam "Zarevo Donetsk"]
[BlackTeam "Lozova Chess Club"]
[WhiteTeamCountry "UKR"]
[BlackTeamCountry "UKR"]

1. Nf3 d5 2. c4 c6 3. d4 Nf6 4. Qc2 g6 5. Bf4 Bf5 6. Qb3 Qb6 7. c5 Qxb3 8. axb3 Nbd7 9. h3 h6 10. Nbd2 g5 11. Bh2 Ne4 12. e3 a6 13. b4 Nxd2 14. Nxd2 Bg7 15. Nb3 0-0 16. Kd2 e5 17. Bd3 Be6 18. h4 g4 19. h5 f5 20. dxe5 Nxe5 21. Nd4 Bd7 22. Bf4 Rae8 23. f3 Nxd3 24. Kxd3 Rf7 25. Rae1 Kh7 26. Rhf1 gxf3 27. gxf3 Be5 28. Bxe5 Rxe5 29. Ne2 Rg7 30. Rg1 Ree7 31. Nf4 Rg5 32. Rh1 Rg3 33. Ke2 Rg5 34. Kf2 Reg7 35. Rh2 Re7 36. Ng6 Re8 37. Rh4 Rg8 38. f4 Rg4 39. Rxg4 fxg4 40. Kg3 Re8 41. Ne5 Bf5 42. Nf7 Re7 43. Nd6 Bc2 44. Kxg4 d4 45. e4 Bb3 46. Kf3 Bc2 47. Rg1 Rg7 48. Rxg7+ Kxg7 49. Nf5+ Kh7 50. Nxd4 1-0

[Event "UKR-chT 10th"]
[Site "Alushta"]
[Date "2002.04.17"]
[Round "8"]
[White "Lagno, Kateryna"]
[Black "Berezin, Oleg"]
[Result "0-1"]
[WhiteElo "2277"]
[BlackElo "2426"]
[PlyCount "112"]
[EventDate "2002.04.09"]
[EventType "team-swiss"]
[EventRounds "9"]
[EventCountry "UKR"]
[SourceTitle "EXT 2019"]
[Source "ChessBase"]
[SourceDate "2018.10.10"]
[SourceVersion "1"]
[SourceVersionDate "2018.10.10"]
[SourceQuality "1"]
[WhiteTeam "Kramatorsk Grandmaster III"]
[BlackTeam "Zarevo Donetsk"]
[WhiteTeamCountry "UKR"]
[BlackTeamCountry "UKR"]

1. e4 c5 2. Nf3 d6 3. d4 cxd4 4. Nxd4 Nf6 5. Nc3 a6 6. Be3 e5 7. Nb3 Be7 8. f3 Be6 9. Qd2 b5 10. 0-0-0 0-0 11. g4 b4 12. Nd5 Bxd5 13. exd5 a5 14. Kb1 Qc7 15. g5 Nfd7 16. h4 Nb6 17. h5 a4 18. Nc1 Nc4 19. Bxc4 Qxc4 20. Rdg1 b3 21. Rg4 Qxc2+ 22. Qxc2 bxc2+ 23. Kxc2 Nd7 24. Rc4 Rfc8 25. Rxc8+ Rxc8+ 26. Kb1 f5 27. Rg1 Bd8 28. Ne2 Bb6 29. Rc1 Rd8 30. Bxb6 Nxb6 31. Nc3 Kf7 32. b3 Rb8 33. Kc2 Rc8 34. Kb2 a3+ 35. Kxa3 Nxd5 36. Kb2 Nf4 37. Rd1 Ke6 38. a4 d5 39. Nb5 d4 40. a5 Rc5 41. Na3 Rxa5 42. Nc4 Ra7 43. b4 Rb7 44. Ka3 d3 45. Re1 Ne2 46. Ka4 e4 47. fxe4 fxe4 48. Kb3 Kd5 49. Ra1 Nd4+ 50. Kc3 Nb5+ 51. Kb3 Kd4 52. Ra8 Rd7 53. Ra5 e3 54. Rxb5 d2 55. Nxd2 exd2 56. Kc2 Kc4 0-1

[Event "UKR-chT 10th"]
[Site "Alushta"]
[Date "2002.04.15"]
[Round "6"]
[White "Berezin, Oleg"]
[Black "Korobov, Anton"]
[Result "1/2-1/2"]
[WhiteElo "2426"]
[BlackElo "2511"]
[PlyCount "35"]
[EventDate "2002.04.09"]
[EventType "team-swiss"]
[EventRounds "9"]
[EventCountry "UKR"]
[SourceTitle "EXT 2019"]
[Source "ChessBase"]
[SourceDate "2018.10.10"]
[SourceVersion "1"]
[SourceVersionDate "2018.10.10"]
[SourceQuality "1"]
[WhiteTeam "Zarevo Donetsk"]
[BlackTeam "Kramatorsk Grandmaster"]
[WhiteTeamCountry "UKR"]
[BlackTeamCountry "UKR"]

1. Nf3 Nf6 2. c4 e6 3. Nc3 Bb4 4. Qc2 c5 5. g3 0-0 6. Bg2 d5 7. a3 Ba5 8. Na4 Nbd7 9. 0-0 dxc4 10. Qxc4 Qe7 11. d3 Rb8 12. Nc3 h6 13. Qh4 b5 14. Ne4 Bb7 15. Nxf6+ Nxf6 16. Bf4 Rbc8 17. Rac1 Bd8 18. Rc2 1/2-1/2

[Event "UKR-chT 10th"]
[Site "Alushta"]
[Date "2002.04.12"]
[Round "3"]
[White "Kruppa, Yuri"]
[Black "Berezin, Oleg"]
[Result "1/2-1/2"]
[WhiteElo "2551"]
[BlackElo "2426"]
[PlyCount "112"]
[EventDate "2002.04.09"]
[EventType "team-swiss"]
[EventRounds "9"]
[EventCountry "UKR"]
[SourceTitle "EXT 2019"]
[Source "ChessBase"]
[SourceDate "2018.10.10"]
[SourceVersion "1"]
[SourceVersionDate "2018.10.10"]
[SourceQuality "1"]
[WhiteTeam "Danko-Donbass Donetsk"]
[BlackTeam "Zarevo Donetsk"]
[WhiteTeamCountry "UKR"]
[BlackTeamCountry "UKR"]

1. d4 d5 2. c4 c6 3. Nc3 Nf6 4. e3 e6 5. Nf3 Nbd7 6. Qc2 Bd6 7. Bd3 0-0 8. 0-0 dxc4 9. Bxc4 b5 10. Be2 Bb7 11. Rd1 Qc7 12. e4 e5 13. g3 b4 14. Na4 exd4 15. Nxd4 Rfe8 16. Nf5 Bf8 17. Bf4 Qa5 18. f3 Nb6 19. Nxb6 axb6 20. Nd6 Bxd6 21. Bxd6 c5 22. a4 Ba6 23. b3 Rac8 24. Bc4 Bxc4 25. Qxc4 Qa8 26. Rd3 Re6 27. Rad1 g5 28. g4 h6 29. Bg3 Rce8 30. Rd6 Kg7 31. Qb5 h5 32. gxh5 Qa7 33. Qc4 Nxh5 34. Rd7 Qa8 35. R1d5 Kg6 36. Qc1 f6 37. Qc2 R8e7 38. Rxe7 Rxe7 39. Rd6 Kg7 40. Qd3 Nxg3 41. hxg3 Qe8 42. Rxb6 Rd7 43. Rd6 Rxd6 44. Qxd6 Qf7 45. e5 fxe5 46. Qxe5+ Kh6 47. Qd6+ Kg7 48. Qd3 c4 49. bxc4 Qa7+ 50. Kg2 Qxa4 51. c5 b3 52. c6 Qxc6 53. Qxb3 g4 54. Kf2 Qxf3+ 55. Qxf3 gxf3 56. Kxf3 Kf7 1/2-1/2

[Event "Kiev Independence Cup 1st"]
[Site "Kiev"]
[Date "2001.08.23"]
[Round "?"]
[White "Kosikov, Alexey I"]
[Black "Berezin, Oleg"]
[Result "1/2-1/2"]
[WhiteElo "2425"]
[BlackElo "2416"]
[PlyCount "102"]
[EventDate "2001.08.??"]
[EventType "swiss"]
[EventRounds "11"]
[EventCountry "UKR"]
[SourceTitle "EXT 2003"]
[Source "ChessBase"]
[SourceDate "2002.11.25"]
[SourceVersion "1"]
[SourceVersionDate "2002.11.25"]
[SourceQuality "1"]

1. e4 c5 2. Nf3 d6 3. Bb5+ Bd7 4. Bxd7+ Qxd7 5. c4 Nc6 6. d4 cxd4 7. Nxd4 g6 8. Nc3 Bg7 9. Be3 Nf6 10. f3 0-0 11. 0-0 e6 12. Qd2 Rfd8 13. Rfd1 d5 14. exd5 exd5 15. c5 Ne8 16. Nce2 Nc7 17. Rac1 a6 18. Bh6 Bh8 19. b3 Ne6 20. Nxe6 fxe6 21. h4 Qf7 22. Nf4 Bd4+ 23. Kh1 Bf6 24. Bg5 Rd7 25. Nh3 e5 26. Nf2 h6 27. Bxf6 Qxf6 28. Qxh6 Rh7 29. Ng4 Qxh4+ 30. Qxh4 Rxh4+ 31. Kg1 d4 32. Re1 Rxg4 33. fxg4 Re8 34. Rf1 Kg7 35. g5 e4 36. Rf6 d3 37. Rd6 Nb4 38. a3 Nc2 39. Kh2 Re7 40. b4 e3 41. Rxd3 e2 42. Rc3 e1Q 43. Rxe1 Nxe1 44. a4 Re5 45. b5 axb5 46. axb5 Kf7 47. c6 bxc6 48. bxc6 Re8 49. c7 Rc8 50. Kg3 Ke6 51. Kf2 Nd3+ 1/2-1/2

[Event "Kiev Independence Cup 1st"]
[Site "Kiev"]
[Date "2001.08.19"]
[Round "?"]
[White "Berezin, Oleg"]
[Black "Gasanov, Eldar"]
[Result "1/2-1/2"]
[WhiteElo "2416"]
[BlackElo "2434"]
[PlyCount "42"]
[EventDate "2001.08.??"]
[EventType "swiss"]
[EventRounds "11"]
[EventCountry "UKR"]
[SourceTitle "EXT 2003"]
[Source "ChessBase"]
[SourceDate "2002.11.25"]
[SourceVersion "1"]
[SourceVersionDate "2002.11.25"]
[SourceQuality "1"]

1. Nf3 Nf6 2. c4 g6 3. Nc3 Bg7 4. e4 d6 5. d4 0-0 6. Be2 e5 7. 0-0 Nh5 8. dxe5 dxe5 9. Qxd8 Rxd8 10. Bg5 f6 11. Be3 c6 12. Rfd1 Re8 13. g3 Bf8 14. a3 Ng7 15. b4 Bg4 16. Kg2 Nd7 17. h3 Be6 18. Rab1 Red8 19. Nd2 Bf7 20. Nb3 b6 21. Rd2 Be7 1/2-1/2

[Event "Kiev Independence Cup 1st"]
[Site "Kiev"]
[Date "2001.08.17"]
[Round "?"]
[White "Berezin, Oleg"]
[Black "Melamed, Tatiana"]
[Result "1/2-1/2"]
[WhiteElo "2416"]
[BlackElo "2265"]
[PlyCount "25"]
[EventDate "2001.08.??"]
[EventType "swiss"]
[EventRounds "11"]
[EventCountry "UKR"]
[SourceTitle "EXT 2003"]
[Source "ChessBase"]
[SourceDate "2002.11.25"]
[SourceVersion "1"]
[SourceVersionDate "2002.11.25"]
[SourceQuality "1"]

1. d4 Nf6 2. Nf3 g6 3. Bg5 Bg7 4. e3 0-0 5. Be2 c5 6. c3 d6 7. Nbd2 Nc6 8. 0-0 cxd4 9. cxd4 Bf5 10. Rc1 Rc8 11. a3 Rc7 12. b4 a6 13. Qb3 1/2-1/2

[Event "Kiev Independence Cup 1st"]
[Site "Kiev"]
[Date "2001.08.13"]
[Round "?"]
[White "Oglobilia, Alexander"]
[Black "Berezin, Oleg"]
[Result "0-1"]
[WhiteElo "2233"]
[BlackElo "2416"]
[PlyCount "84"]
[EventDate "2001.08.??"]
[EventType "swiss"]
[EventRounds "11"]
[EventCountry "UKR"]
[SourceTitle "EXT 2003"]
[Source "ChessBase"]
[SourceDate "2002.11.25"]
[SourceVersion "1"]
[SourceVersionDate "2002.11.25"]
[SourceQuality "1"]

1. Nf3 d5 2. c4 c6 3. g3 Nf6 4. b3 Bg4 5. Bg2 e6 6. 0-0 a5 7. a3 Bd6 8. Bb2 0-0 9. d3 Nbd7 10. Nbd2 Re8 11. h3 Bh5 12. Qc2 e5 13. e4 dxe4 14. Nxe4 Nxe4 15. dxe4 Bxf3 16. Bxf3 Qe7 17. Bg4 Nf6 18. Qe2 Bc5 19. h4 Red8 20. Bh3 Bd4 21. Rfb1 Bxb2 22. Rxb2 Rd4 23. f3 Qc5 24. Kh2 Rad8 25. Qf2 g6 26. Bf1 Qd6 27. b4 Rxe4 28. bxa5 Rd4 29. Kg1 e4 30. Be2 e3 31. Qe1 Rd2 32. Rb3 Qe5 33. Rab1 Nh5 34. f4 Qe4 35. Bf1 e2 36. Bg2 Qd4+ 37. Kh2 Nf6 38. Rxb7 Ng4+ 39. Kh3 Nf2+ 40. Kh2 Qe3 41. Rb8 Kg7 42. a6 R8d3 0-1

[Event "UKR-ch sf op"]
[Site "Alushta"]
[Date "2001.??.??"]
[Round "?"]
[White "Muhtarov, Leonid"]
[Black "Berezin, Oleg"]
[Result "1-0"]
[WhiteElo "2160"]
[BlackElo "2428"]
[PlyCount "128"]
[EventDate "2001.04.17"]
[EventType "swiss"]
[EventRounds "9"]
[EventCountry "UKR"]
[SourceTitle "EXT 2003"]
[Source "ChessBase"]
[SourceDate "2002.11.25"]
[SourceVersion "1"]
[SourceVersionDate "2002.11.25"]
[SourceQuality "1"]

1. c4 c5 2. Nf3 g6 3. Nc3 Bg7 4. e3 Nf6 5. Be2 0-0 6. a3 Nc6 7. Qc2 b6 8. d3 Bb7 9. 0-0 d5 10. cxd5 Nxd5 11. Ne4 Rc8 12. Bd2 Qd7 13. Rac1 Rfd8 14. Qb1 a5 15. Rfd1 Ba6 16. Bf1 e5 17. Be1 Qe7 18. Ned2 Rb8 19. Nc4 Kh8 20. g3 Bc8 21. Bg2 Be6 22. h3 h6 23. Kh2 Kh7 24. b3 Rd7 25. Bd2 Qd8 26. Be1 Kg8 27. Ncd2 Qc8 28. Qc2 Qa6 29. Bf1 Qa7 30. Ne4 Rbd8 31. Bg2 Qb8 32. Nc3 Nde7 33. Nb5 Bf5 34. e4 Be6 35. Bc3 Nd4 36. Bxd4 cxd4 37. Nd2 Rc8 38. Nc4 h5 39. h4 Bh6 40. Rb1 Nc6 41. Bh3 Bxh3 42. Kxh3 Bf8 43. Qd2 Na7 44. Nxa7 Rxa7 45. a4 b5 46. axb5 Qxb5 47. Qg5 Rc5 48. Kg2 Be7 49. Qh6 Qb8 50. Qd2 Rb5 51. Qc2 Rab7 52. Ra1 Bb4 53. Rdb1 Bc3 54. Ra3 Kg7 55. Qa2 Qc7 56. Ra4 Qd8 57. Ra3 Re7 58. Rf1 Re6 59. Qc2 f5 60. f4 exf4 61. Rxf4 fxe4 62. dxe4 Rf6 63. Rxf6 Kxf6 64. Qd3 Rb8 1-0

[Event "Kharkov Rector Cup 2nd"]
[Site "Kharkov"]
[Date "2000.10.11"]
[Round "11"]
[White "Berezin, Oleg"]
[Black "Savon, Vladimir A"]
[Result "1/2-1/2"]
[WhiteElo "2453"]
[BlackElo "2429"]
[PlyCount "87"]
[EventDate "2000.10.01"]
[EventType "tourn"]
[EventRounds "11"]
[EventCountry "UKR"]
[EventCategory "8"]
[SourceTitle "EXT 2001"]
[Source "ChessBase"]
[SourceDate "2000.11.22"]
[SourceVersion "1"]
[SourceVersionDate "2000.11.22"]
[SourceQuality "1"]

1. Nf3 Nf6 2. c4 e6 3. g3 d5 4. Bg2 dxc4 5. Qa4+ Bd7 6. Qxc4 c5 7. Ne5 Qc8 8. b3 Nc6 9. Nxd7 Qxd7 10. Bb2 Be7 11. 0-0 0-0 12. d3 Rac8 13. Nd2 Nd4 14. Rfe1 Nd5 15. e3 b5 16. Qc1 Nc6 17. a3 Rfd8 18. Rd1 Bf8 19. Qc2 a6 20. Bf1 Qa7 21. Re1 Qb6 22. Rac1 h6 23. Qb1 Qa7 24. Nf3 Qb6 25. Rc2 Qb7 26. Nd2 Qb6 27. Qc1 Qb7 28. Ba1 Qd7 29. Qb1 Qa7 30. Nf3 Qb7 31. Be2 Qd7 32. Rec1 Qb7 33. Nd2 f5 34. Nf3 Bd6 35. e4 fxe4 36. dxe4 Nb6 37. e5 Bf8 38. Bf1 Qf7 39. Bg2 Nd5 40. Nd2 Na5 41. b4 Nb7 42. bxc5 Rxc5 43. a4 bxa4 44. Rxc5 1/2-1/2

[Event "Kharkov Rector Cup 2nd"]
[Site "Kharkov"]
[Date "2000.10.02"]
[Round "2"]
[White "Bets, Anatolij"]
[Black "Berezin, Oleg"]
[Result "1/2-1/2"]
[WhiteElo "2361"]
[BlackElo "2453"]
[PlyCount "66"]
[EventDate "2000.10.01"]
[EventType "tourn"]
[EventRounds "11"]
[EventCountry "UKR"]
[EventCategory "8"]
[SourceTitle "EXT 2001"]
[Source "ChessBase"]
[SourceDate "2000.11.22"]
[SourceVersion "1"]
[SourceVersionDate "2000.11.22"]
[SourceQuality "1"]

1. d4 d6 2. Nf3 Bg4 3. g3 c6 4. Bg2 Nf6 5. c4 Nbd7 6. Nc3 e5 7. h3 Bh5 8. 0-0 Be7 9. Nh4 0-0 10. Nf5 Re8 11. Nxe7+ Qxe7 12. d5 cxd5 13. g4 Bg6 14. Nxd5 Nxd5 15. Qxd5 Rab8 16. Be3 Nf6 17. Qb5 a6 18. Qa5 h5 19. f3 b5 20. b3 bxc4 21. bxc4 Rb2 22. Rfe1 hxg4 23. hxg4 e4 24. Rac1 Rbb8 25. Bh3 exf3 26. exf3 Qb7 27. Bg2 Qb2 28. Bf2 Re2 29. Rxe2 Qxe2 30. Qxa6 Rb2 31. Rf1 Qd2 32. Qa7 Rxa2 33. Qe3 Qxe3 1/2-1/2

[Event "Kharkov Rector Cup 2nd"]
[Site "Kharkov"]
[Date "2000.10.01"]
[Round "1"]
[White "Eljanov, Pavel"]
[Black "Berezin, Oleg"]
[Result "1/2-1/2"]
[WhiteElo "2487"]
[BlackElo "2453"]
[PlyCount "126"]
[EventDate "2000.10.01"]
[EventType "tourn"]
[EventRounds "11"]
[EventCountry "UKR"]
[EventCategory "8"]
[SourceTitle "EXT 2001"]
[Source "ChessBase"]
[SourceDate "2000.11.22"]
[SourceVersion "1"]
[SourceVersionDate "2000.11.22"]
[SourceQuality "1"]

1. d4 d5 2. c4 c6 3. Nf3 Nf6 4. Qb3 e6 5. Bg5 Nbd7 6. Nc3 Qa5 7. Bd2 Qb6 8. Qc2 Be7 9. e3 0-0 10. Bd3 Re8 11. 0-0 dxc4 12. Bxc4 c5 13. Rfd1 cxd4 14. exd4 Nf8 15. Be3 Ng4 16. Bf4 Bd7 17. h3 Nf6 18. Ne5 Rac8 19. Nxd7 N8xd7 20. Qb3 Qxb3 21. axb3 a6 22. d5 e5 23. Be3 Bd6 24. f3 Nc5 25. Kf1 e4 26. fxe4 Nfxe4 27. Nxe4 Nxe4 28. Bd4 Bb4 29. Bb6 Nd6 30. Rac1 Bc5 31. Bxc5 Rxc5 32. Bd3 Rxc1 33. Rxc1 Re3 34. Rc3 g6 35. Be2 Re7 36. Bf3 Kf8 37. Kf2 Ke8 38. h4 Kd7 39. g4 f6 40. Rd3 Ne4+ 41. Kg2 Nd6 42. Kg3 Re5 43. Kf4 h6 44. Kg3 g5 45. hxg5 hxg5 46. Kf2 Ne4+ 47. Kg2 Kd6 48. b4 f5 49. gxf5 Nf6 50. Kg3 Rxf5 51. Rc3 Re5 52. b5 axb5 53. Rb3 Nxd5 54. Rxb5 Kc6 55. Ra5 b6 56. Ra1 Kc5 57. Rd1 Ne3 58. Rc1+ Kd4 59. Be2 b5 60. b3 Nf5+ 61. Kf2 Ne7 62. Bf1 Ng6 63. Rc6 Nf4 1/2-1/2

[Event "UKR-chT 8th"]
[Site "Alushta"]
[Date "2000.04.15"]
[Round "6"]
[White "Matjushin, Gennady"]
[Black "Berezin, Oleg"]
[Result "1-0"]
[WhiteElo "2275"]
[BlackElo "2449"]
[PlyCount "85"]
[EventDate "2000.04.10"]
[EventType "team-swiss"]
[EventRounds "9"]
[EventCountry "UKR"]
[SourceTitle "EXT 2019"]
[Source "ChessBase"]
[SourceDate "2018.10.10"]
[SourceVersion "1"]
[SourceVersionDate "2018.10.10"]
[SourceQuality "1"]
[WhiteTeam "Donetsk region Momot"]
[BlackTeam "Mariupol Azovstal"]
[WhiteTeamCountry "UKR"]
[BlackTeamCountry "UKR"]

1. e4 c5 2. b3 e5 3. Nf3 Nc6 4. Bb5 d6 5. 0-0 Nf6 6. Re1 Be7 7. h3 0-0 8. c3 a6 9. Bxc6 bxc6 10. d4 exd4 11. cxd4 cxd4 12. Nxd4 Bd7 13. Nc3 Re8 14. Bf4 Bf8 15. Qd3 d5 16. exd5 Nxd5 17. Nxd5 cxd5 18. Rxe8 Bxe8 19. Nf3 Bb5 20. Qd2 Qf6 21. Be5 Qg6 22. Qxd5 Bc6 23. Qd1 Re8 24. Bg3 Ba3 25. Qd2 h5 26. h4 Bxf3 27. gxf3 Qf6 28. Re1 Rxe1+ 29. Qxe1 Qxf3 30. Qa5 Be7 31. Qxa6 g5 32. Qc8+ Kg7 33. hxg5 Bxg5 34. Qc4 Kg6 35. a4 Qf5 36. b4 Qf6 37. Qe4+ Kh6 38. Qe5 Qd8 39. Kh2 Qd1 40. Bf4 Bxf4+ 41. Qxf4+ Kg7 42. b5 Qd5 43. b6 1-0